<?xml version="1.0" encoding="UTF-8"?>
<record
    xmlns:xsi="http://www.w3.org/2001/XMLSchema-instance"
    xsi:schemaLocation="http://www.loc.gov/MARC21/slim http://www.loc.gov/standards/marcxml/schema/MARC21slim.xsd"
    xmlns="http://www.loc.gov/MARC21/slim">

  <leader>03376nam a2200529Ia 4500</leader>
  <controlfield tag="001">2927</controlfield>
  <controlfield tag="008">241029s9999    xx            000 0 und d</controlfield>
  <datafield tag="010" ind1=" " ind2=" ">
    <subfield code="a">2747</subfield>
  </datafield>
  <datafield tag="041" ind1=" " ind2=" ">
    <subfield code="a">Espa&#xF1;ol</subfield>
  </datafield>
  <datafield tag="082" ind1=" " ind2=" ">
    <subfield code="a">MA-ES 0010 FH 2003</subfield>
  </datafield>
  <datafield tag="245" ind1=" " ind2="0">
    <subfield code="a">Enfoques te&#xF3;ricos parciales sobre educaci&#xF3;n en las t&#xE9;sis de Maestr&#xED;a en Ense&#xF1;anza Superior.</subfield>
  </datafield>
  <datafield tag="260" ind1=" " ind2=" ">
    <subfield code="a">Santo Domingo</subfield>
  </datafield>
  <datafield tag="300" ind1=" " ind2=" ">
    <subfield code="a">127</subfield>
  </datafield>
  <datafield tag="520" ind1=" " ind2=" ">
    <subfield code="a">12</subfield>
  </datafield>
  <datafield tag="630" ind1=" " ind2=" ">
    <subfield code="a">Calidad</subfield>
  </datafield>
  <datafield tag="630" ind1=" " ind2=" ">
    <subfield code="a">Ense&#xF1;anza</subfield>
  </datafield>
  <datafield tag="650" ind1=" " ind2=" ">
    <subfield code="a">Investigaci&#xF3;n</subfield>
  </datafield>
  <datafield tag="690" ind1=" " ind2=" ">
    <subfield code="a">Elaborado</subfield>
  </datafield>
  <datafield tag="700" ind1=" " ind2=" ">
    <subfield code="e">asesor</subfield>
    <subfield code="a">Fiallo Billini, Jos&#xE9; A.</subfield>
  </datafield>
  <datafield tag="700" ind1=" " ind2=" ">
    <subfield code="e">autor</subfield>
    <subfield code="a">de la Cruz, Mar&#xED;a Hortensia</subfield>
  </datafield>
  <datafield tag="901" ind1=" " ind2=" ">
    <subfield code="a">{"1":"de la Cruz"}</subfield>
    <subfield code="b">{"1":"Mar&#xED;a Hortensia"}</subfield>
  </datafield>
  <datafield tag="902" ind1=" " ind2=" ">
    <subfield code="a">1</subfield>
  </datafield>
  <datafield tag="903" ind1=" " ind2=" ">
    <subfield code="a">{"1":"Fiallo Billini"}</subfield>
    <subfield code="b">{"1":"Jos&#xE9; A."}</subfield>
  </datafield>
  <datafield tag="904" ind1=" " ind2=" ">
    <subfield code="a">Maestr&#xED;a en</subfield>
  </datafield>
  <datafield tag="905" ind1=" " ind2=" ">
    <subfield code="a">Ense&#xF1;anza Superior</subfield>
  </datafield>
  <datafield tag="906" ind1=" " ind2=" ">
    <subfield code="a">2</subfield>
  </datafield>
  <datafield tag="907" ind1=" " ind2=" ">
    <subfield code="a">NO APLICA</subfield>
  </datafield>
  <datafield tag="908" ind1=" " ind2=" ">
    <subfield code="a">NO APLICA</subfield>
  </datafield>
  <datafield tag="909" ind1=" " ind2=" ">
    <subfield code="a">Universidad Aut&#xF3;noma de Santo Domingo (UASD)</subfield>
  </datafield>
  <datafield tag="910" ind1=" " ind2=" ">
    <subfield code="a">NULL</subfield>
    <subfield code="b">NULL</subfield>
  </datafield>
  <datafield tag="911" ind1=" " ind2=" ">
    <subfield code="a">["1"]</subfield>
  </datafield>
  <datafield tag="912" ind1=" " ind2=" ">
    <subfield code="a">NO APLICA</subfield>
  </datafield>
  <datafield tag="913" ind1=" " ind2=" ">
    <subfield code="a">NULL</subfield>
  </datafield>
  <datafield tag="914" ind1=" " ind2=" ">
    <subfield code="a">03 de Marzo de 2003</subfield>
  </datafield>
  <datafield tag="915" ind1=" " ind2=" ">
    <subfield code="a">19/12/19 12:12</subfield>
  </datafield>
  <datafield tag="916" ind1=" " ind2=" ">
    <subfield code="a">NULL</subfield>
  </datafield>
  <datafield tag="917" ind1=" " ind2=" ">
    <subfield code="a">NULL</subfield>
  </datafield>
  <datafield tag="918" ind1=" " ind2=" ">
    <subfield code="a">NO APLICA</subfield>
  </datafield>
  <datafield tag="919" ind1=" " ind2=" ">
    <subfield code="a">["28","202"]</subfield>
  </datafield>
  <datafield tag="520" ind1=" " ind2=" ">
    <subfield code="a">El prop&#xF3;sito principal de esta investigaci&#xF3;n consisti&#xF3; en identificar las orientaciones te&#xF3;ricas en las tesis de Maestr&#xED;a en Ense&#xF1;anza Superior, como punto de partida y elemento de juicio sobre la concepci&#xF3;n de educaci&#xF3;n a que se acogen las mismas. Evidenciar en qu&#xE9; medida las orientaciones te&#xF3;ricas parciales explican la concepci&#xF3;n que se tiene de la Educaci&#xF3;n Superior. La metodolog&#xED;a utilizada fue de car&#xE1;cter descriptiva, hermen&#xE9;utica y comparativa de los programas de maestr&#xED;a. Como muestra se tom&#xF3;&#xA0;cinco tesis que se refieren a ''Filosof&#xED;a educativa de la Educaci&#xF3;n Superior'', en la Facultad de Humanidades de 1987-2000.Como t&#xE9;cnicas emplearon investigaci&#xF3;n bibliogr&#xE1;fica, fichado y selecci&#xF3;n de textos, entrevistas, an&#xE1;lisis documental, comparaci&#xF3;n y valoraci&#xF3;n. El estudio concluye, en que los enfoques encontrados en estas tesis, hacen una exhaustiva pormenorizaci&#xF3;n de un fundamento te&#xF3;rico sobre el curr&#xED;culo. Incorporar conocimientos de la Literatura Pedag&#xF3;gica referente al concepto de tecnolog&#xED;a incorporando a la educaci&#xF3;n de tercera y cuarta generaci&#xF3;n.El fortalecimiento de las estrategias de Cuarto Nivel, es una tarea que encuentra aval en las declaraciones de los sustentantes quienes se&#xF1;alan la necesidad de mejorar la capacidad instalada, abastecimiento y destacar los obst&#xE1;culos a la calidad de ese proceso, como en el pluriempleo, los gastos excesivos en que incurren en un proceso y las dificultades relativas a carencias especificas localizadas en la oferta de cuarto nivel.La investigaci&#xF3;n sugiere, la actualizaci&#xF3;n de un registro de tesis minucioso y exhaustivo, que permita el acceso a informaciones elaboradas. Divulgaci&#xF3;n de ideas en la tesitura, de que el educador hace ciencia de la educaci&#xF3;n y la valoraci&#xF3;n de la sistematizaci&#xF3;n de experiencias, verificaci&#xF3;n de los estudios de cuarto nivel, acopio y divulgaci&#xF3;n cuya producci&#xF3;n ha de estar orientada a captar el debate actualizado de ideas y contribuir al fortalecimiento de la calidad de la formaci&#xF3;n de egresados.</subfield>
  </datafield>
  <datafield tag="921" ind1=" " ind2=" ">
    <subfield code="a">16</subfield>
  </datafield>
  <datafield tag="922" ind1=" " ind2=" ">
    <subfield code="a">16</subfield>
  </datafield>
  <datafield tag="923" ind1=" " ind2=" ">
    <subfield code="a">0</subfield>
  </datafield>
  <datafield tag="924" ind1=" " ind2=" ">
    <subfield code="a">NO APLICA</subfield>
  </datafield>
  <datafield tag="942" ind1=" " ind2=" ">
    <subfield code="c">Tesis</subfield>
  </datafield>
  <datafield tag="999" ind1=" " ind2=" ">
    <subfield code="c">2747</subfield>
    <subfield code="d">2747</subfield>
  </datafield>
</record>
